000 00716nmc a2200265 a 4500
003 AR-BaBNM
005 20251128205247.0
008 027019s1969 ||||||||||||||000 | spa||
040 _cAR-BaBNM
100 1 _aReissig, Luis
245 1 0 _aProblemas educativos en América Latina
250 _a2ª ed.
260 _aBuenos Aires
_bEudeba
_c1969
300 0 _a100 p.
490 0 _aBiblioteca de América. Libros del tiempo nuevo
650 4 _aEDUCACION RURAL
650 4 _aPOBLACION RURAL
650 4 _aESCUELAS RURALES
650 4 _aRELACION ESCUELA-COMUNIDAD
650 4 _aEDUCACION Y DESARROLLO
651 4 _aAmérica Latina
653 0 _aFINANCIAMIENTO EDUCATIVO
942 _cBK
998 _cSILVI
999 _c10636
_d10636